书目信息 |
| 题名: |
通关实务操作与技巧
|
|
| 作者: | ;关务通·监管通关系列编委会 编著 | |
| 分册: | 货物、运输工具篇 | |
| 出版信息: | 北京 中国海关出版社 2012 |
|
| 页数: | 254页 | |
| 开本: | 24cm | |
| 丛书名: | ||
| 单 册: | ||
| 中图分类: | F752.5 | |
| 科图分类: | ||
| 主题词: | 海关--业务--中国 , 海关 | |
| 电子资源: | ||
| ISBN: | 978-7-80165-909-5 | |
| 000 | 01163nam0 2200277 450 | |
| 001 | 523 | |
| 005 | 20140909101203.78 | |
| 010 | @a978-7-80165-909-5@dCNY48.00 | |
| 100 | @a20130311d2012 em y0chiy50 ea | |
| 101 | 0 | @achi |
| 102 | @aCN@b110000 | |
| 105 | @ay z 000yy | |
| 106 | @ar | |
| 200 | 1 | @a通关实务操作与技巧@ATong Guan Shi Wu Cao Zuo Yu Ji Qiao@i货物、运输工具篇@IHuo Wu、 Yun Shu Gong Ju Pian@f“关务通·监管通关系列”编委会编著@F“ Guan Wu Tong· Jian Guan Tong Guan Xi Lie” Bian Wei Hui Bian Zhu |
| 210 | @a北京@c中国海关出版社@d2012 | |
| 215 | @a254页@d24cm | |
| 300 | @a关务通·监管通关系列 | |
| 312 | @a封面英文题名:Practice and skills of clearance. cargo and vehicle | |
| 330 | @a本书以企业关注问题为出发点,通关业务流程为主线,讲述货物、运输工具在通关各环节的操作步骤与方法,以及应该注意的难点、重点问题。 | |
| 510 | 1 | @aPractice and skills of clearance@iCargo and vehicle@zeng |
| 606 | 0 | @a海关@x业务@y中国 |
| 606 | 0 | @a海关 |
| 690 | @aF752.5@v5 | |
| 711 | 02 | @a关务通·监管通关系列编委会@AGuan Wu Tong· Jian Guan Tong Guan Xi Lie Bian Wei Hui@4编著 |
| 801 | 0 | @aCN@bTANGWEI@c20140603 |
| 905 | @b0838798-800@dF752.5@e37@f3 | |
| 通关实务操作与技巧.货物、运输工具篇/“关务通·监管通关系列”编委会编著.-北京:中国海关出版社,2012 |
| 254页;24cm |
| 关务通·监管通关系列 |
| ISBN 978-7-80165-909-5:CNY48.00 |
| 本书以企业关注问题为出发点,通关业务流程为主线,讲述货物、运输工具在通关各环节的操作步骤与方法,以及应该注意的难点、重点问题。 |
| ● |
| 相关链接 |
|
|
|
|
正题名:通关实务操作与技巧
索取号:F752.5/37
 
预约/预借
| 序号 | 登录号 | 条形码 | 馆藏地/架位号 | 状态 | 备注 |
| 1 | 0838798 | 208387985 | 第一样本阅览室/ [索取号:F752.5/37] | 在馆 | |
| 2 | 0838799 | 208387994 | 第一借阅区/ [索取号:F752.5/37] | 在馆 | |
| 3 | 0838800 | 208388001 | 密集书库-海洋学院/ [索取号:F752.5/37] | 在馆 |